000 00543nmm a2200169Ia 4500
008 251105s9999||||xx |||||||||||||||||und||
020 _a9788437077277
041 _acat
100 _aFeliu, Gaspar
245 0 _aLa llarga nit feudal :
_b Mil anys de pugna entre senyors i pagesos
264 _a[Madrid, España] :
_bPublicaciones de la Universidad de Valencia (PUV),
_c2010
300 _a368 páginas
490 _aHistoria
650 _aHistory of Europe: Spain
856 _uhttps://public.digitaliapublishing.com/a/34842
942 _cCF
999 _c82505
_d82505